[Event "GER-ch44 V01 email"]
[Site "GER email"]
[Date "2013.??.??"]
[Round "?"]
[White "Kluehe, Peter"]
[Black "Groth, Klaus Ulrich"]
[Result "1-0"]
[WhiteElo "2180"]
[BlackElo "2366"]
[PlyCount "119"]
[EventDate "2012.??.??"]
[EventType "tourn (corr)"]
[EventRounds "10"]
[EventCountry "GER"]
[SourceTitle "Corr 2015"]
[Source "ChessBase"]
[SourceDate "2015.07.17"]
[SourceVersion "1"]
[SourceVersionDate "2015.07.17"]
[SourceQuality "1"]

1. d4 Nf6 2. Nd2 d5 3. e3 Bf5 4. Ngf3 e6 5. c4 c6 6. Nh4 Bg4 7. Qb3 Qc7 8. h3 Bh5 9. g4 Bg6 10. g5 Nfd7 11. Nxg6 hxg6 12. h4 Be7 13. Nf3 dxc4 14. Bxc4 Nb6 15. Be2 N8d7 16. Bd2 Nc8 17. 0-0-0 Nd6 18. Qc2 0-0-0 19. Kb1 Kb8 20. e4 Qb6 21. Qa4 Qc7 22. Bf4 Ka8 23. Rc1 Nb6 24. Qc2 Nd7 25. d5 exd5 26. exd5 c5 27. Ne5 Nxe5 28. Bxe5 f6 29. gxf6 gxf6 30. Bf4 g5 31. hxg5 fxg5 32. Rxh8 Rxh8 33. Be5 Rc8 34. Bg4 Rf8 35. Bg3 a6 36. Qxc5 Qxc5 37. Rxc5 Ne4 38. Rc7 Bd6 39. Bxd6 Nxd6 40. f3 Nf5 41. Kc1 Ne3 42. Be6 Rd8 43. Rc5 b6 44. Rc3 Ng2 45. Rc8+ Rxc8+ 46. Bxc8 Ka7 47. d6 a5 48. Bg4 Kb7 49. Kd2 Kc6 50. d7 Kc7 51. Kd3 Ne1+ 52. Kd4 Nc2+ 53. Ke4 Nb4 54. a3 Nc6 55. Kd5 Nb8 56. Ke5 Nxd7+ 57. Bxd7 Kxd7 58. Kf5 Ke7 59. a4 Kf7 60. Kxg5 1-0

[Event "GER M-459 D email"]
[Site "GER email"]
[Date "2012.09.05"]
[Round "?"]
[White "Burnat, Horst"]
[Black "Kluehe, Peter"]
[Result "0-1"]
[WhiteElo "1915"]
[BlackElo "2068"]
[PlyCount "56"]
[EventDate "2010.??.??"]
[EventType "tourn (corr)"]
[EventRounds "1"]
[EventCountry "GER"]
[SourceTitle "Corr 2015"]
[Source "ChessBase"]
[SourceDate "2015.07.17"]
[SourceVersion "1"]
[SourceVersionDate "2015.07.17"]
[SourceQuality "1"]

1. e4 d6 2. d4 Nf6 3. Nc3 e5 4. dxe5 dxe5 5. Qxd8+ Kxd8 6. Nf3 Bd6 7. Bc4 Be6 8. Bxe6 fxe6 9. Be3 a6 10. 0-0-0 Ke7 11. a3 b5 12. Rd3 Nc6 13. Re1 b4 14. axb4 Nxb4 15. Rd2 a5 16. Bg5 Rhb8 17. Ne2 a4 18. c3 Na6 19. Ng3 Nc5 20. Kc2 h6 21. Bxf6+ gxf6 22. Rde2 a3 23. b4 Na4 24. Nh4 Nb2 25. Ra1 c5 26. bxc5 Bxc5 27. f4 Nc4 28. Kd3 Ne3 0-1

[Event "GER-ch 2012-C-V1 post"]
[Site "GER email"]
[Date "2012.07.12"]
[Round "?"]
[White "Kluehe, Peter"]
[Black "Gierth, Karlheinz"]
[Result "1/2-1/2"]
[WhiteElo "2068"]
[BlackElo "2187"]
[PlyCount "93"]
[EventDate "2012.??.??"]
[EventType "tourn (corr)"]
[EventRounds "6"]
[EventCountry "GER"]
[SourceTitle "Corr 2015"]
[Source "ChessBase"]
[SourceDate "2015.07.17"]
[SourceVersion "1"]
[SourceVersionDate "2015.07.17"]
[SourceQuality "1"]

1. d4 Nf6 2. Nd2 d5 3. e3 Bf5 4. Ngf3 e6 5. c4 Nc6 6. a3 Be7 7. Nh4 Bg4 8. Qb3 0-0 9. h3 Bh5 10. g4 Ne4 11. gxh5 Bxh4 12. Nxe4 dxe4 13. Rh2 Na5 14. Qc2 f5 15. Bd2 c5 16. dxc5 Nc6 17. 0-0-0 Qe7 18. Bc3 Rad8 19. Rg2 Bf6 20. Rxd8 Rxd8 21. Be2 Be5 22. Bxe5 Nxe5 23. Qc3 Qxc5 24. h6 g6 25. h4 Kf7 26. h5 Kf6 27. hxg6 hxg6 28. b4 Qc8 29. Rh2 Rh8 30. c5 b6 31. Kc2 Qc6 32. Rh1 Rh7 33. Qd4 bxc5 34. bxc5 Qe8 35. a4 g5 36. Bb5 Qc8 37. Kb3 Qb8 38. Qd6 Qxd6 39. cxd6 Nf7 40. d7 Ke7 41. a5 f4 42. Rd1 Nd8 43. exf4 gxf4 44. Re1 Rxh6 45. Rxe4 Rh1 46. Rxf4 Rb1+ 47. Kc4 1/2-1/2

[Event "GER M-458 D email"]
[Site "GER email"]
[Date "2012.??.??"]
[Round "?"]
[White "Gebhardt, Ulrich"]
[Black "Kluehe, Peter"]
[Result "0-1"]
[WhiteElo "1894"]
[BlackElo "2068"]
[PlyCount "102"]
[EventDate "2012.??.??"]
[EventType "tourn (corr)"]
[EventRounds "1"]
[EventCountry "GER"]
[SourceTitle "Corr 2015"]
[Source "ChessBase"]
[SourceDate "2015.07.17"]
[SourceVersion "1"]
[SourceVersionDate "2015.07.17"]
[SourceQuality "1"]

1. d4 d5 2. c4 e6 3. Nc3 c6 4. Bf4 dxc4 5. e3 b5 6. a4 Nf6 7. axb5 cxb5 8. Nxb5 Bb4+ 9. Nc3 Nd5 10. Qc2 Nxf4 11. Qa4+ Nc6 12. Qxc6+ Bd7 13. Qxc4 Nd5 14. Qd3 Rc8 15. Nge2 Qb6 16. e4 Bb5 17. Qc2 Ne7 18. Nf4 Bxf1 19. Kxf1 Qxd4 20. Qa4+ Nc6 21. g3 0-0 22. Kg2 a5 23. Rhd1 Qf6 24. h4 h6 25. Rac1 Ne5 26. Qb5 Rc4 27. Kf1 Bxc3 28. Rxc3 Rxe4 29. h5 Ng4 30. Qc5 Qg5 31. Qxg5 hxg5 32. Nh3 Re5 33. Rd4 Nf6 34. g4 Rb8 35. Rc1 Kh7 36. Rc7 Rxb2 37. Rxf7 Rb4 38. Rxb4 axb4 39. Rb7 Nxg4 40. Rxb4 Nf6 41. Rb6 Kh6 42. Ng1 g4 43. Rb4 Re4 44. Rb8 Nxh5 45. Ne2 Kg6 46. Ra8 e5 47. Ra5 Kf5 48. Ra2 Rb4 49. Ra5 Rb2 50. Ke1 Nf4 51. Nxf4 Rb1+ 0-1

[Event "GER M-469 D email"]
[Site "GER email"]
[Date "2012.??.??"]
[Round "?"]
[White "Kluehe, Peter"]
[Black "Walka, Wolfram"]
[Result "1/2-1/2"]
[WhiteElo "2068"]
[BlackElo "2011"]
[PlyCount "66"]
[EventDate "2011.12.14"]
[EventType "tourn (corr)"]
[EventRounds "1"]
[EventCountry "GER"]
[SourceTitle "Corr 2015"]
[Source "ChessBase"]
[SourceDate "2015.07.17"]
[SourceVersion "1"]
[SourceVersionDate "2015.07.17"]
[SourceQuality "1"]

1. d4 d5 2. c3 Nf6 3. Nd2 Bf5 4. Ngf3 h6 5. Qb3 Qc8 6. Ne5 e6 7. Rg1 c5 8. g4 Bh7 9. Ndf3 Ne4 10. c4 dxc4 11. Qxc4 a6 12. g5 b5 13. Qb3 hxg5 14. Nxg5 c4 15. Qf3 Bb4+ 16. Kd1 Nxg5 17. Bxg5 Ra7 18. a4 Qc7 19. Bf4 Qb6 20. e3 Bf8 21. Be2 Bf5 22. a5 Qd8 23. Qg2 Qc8 24. Rc1 Nd7 25. Nc6 Rb7 26. Bf3 Nf6 27. b3 Rh3 28. Ne5 Rxf3 29. Qxf3 c3 30. Qc6+ Qxc6 31. Nxc6 Nd5 32. Bg3 Bg4+ 33. Kc2 Bf5+ 1/2-1/2

[Event "Baumbach Cup 06 email"]
[Site "GER email"]
[Date "2011.??.??"]
[Round "?"]
[White "Klapp, Herwig"]
[Black "Kluehe, Peter"]
[Result "1/2-1/2"]
[WhiteElo "2140"]
[BlackElo "2193"]
[PlyCount "65"]
[EventDate "2011.??.??"]
[EventType "tourn (corr)"]
[EventRounds "6"]
[EventCountry "GER"]
[SourceTitle "Corr 2015"]
[Source "ChessBase"]
[SourceDate "2015.07.17"]
[SourceVersion "1"]
[SourceVersionDate "2015.07.17"]
[SourceQuality "1"]

1. e4 d6 2. d4 Nf6 3. Nc3 e5 4. Nf3 Nbd7 5. Bc4 Be7 6. 0-0 0-0 7. a4 c6 8. Re1 b6 9. h3 a6 10. b3 Qc7 11. Ba3 Bb7 12. Nh4 g6 13. Nf3 exd4 14. Qxd4 b5 15. axb5 axb5 16. Bf1 Rfe8 17. Bb2 Rxa1 18. Bxa1 Bf8 19. b4 Ne5 20. Nd2 Bh6 21. Nb3 Ra8 22. Rd1 Ne8 23. Ne2 Bg7 24. Qd2 Nc4 25. Qe1 Nf6 26. Ng3 h5 27. Bxc4 bxc4 28. Na5 Ba6 29. Qd2 Bb5 30. Qf4 Qe7 31. Rxd6 Ne8 32. Bxg7 Qxd6 33. Be5 1/2-1/2

[Event "GER-ch43 V01 email"]
[Site "GER email"]
[Date "2011.??.??"]
[Round "?"]
[White "Kluehe, Peter"]
[Black "Uecker, Dieter"]
[Result "1/2-1/2"]
[WhiteElo "1975"]
[BlackElo "2392"]
[PlyCount "78"]
[EventDate "2011.04.18"]
[EventType "tourn (corr)"]
[EventRounds "8"]
[EventCountry "GER"]
[SourceTitle "Corr 2015"]
[Source "ChessBase"]
[SourceDate "2015.07.17"]
[SourceVersion "1"]
[SourceVersionDate "2015.07.17"]
[SourceQuality "1"]

1. d4 Nf6 2. e3 d5 3. Nf3 e6 4. Bd3 c5 5. c3 Nc6 6. Ne5 Nxe5 7. dxe5 Nd7 8. f4 c4 9. Bc2 Qh4+ 10. g3 Qh3 11. Nd2 Be7 12. Qf3 Nc5 13. Qf1 Qxf1+ 14. Rxf1 b5 15. b4 Na4 16. Bxa4 bxa4 17. Nf3 Bd7 18. Kf2 f5 19. Rb1 Rb8 20. Nd4 h5 21. h4 0-0 22. Kf3 Kf7 23. Rd1 Rb6 24. Ba3 Rfb8 25. Rd2 R6b7 26. Rg2 a6 27. Rgb2 Kg6 28. Rd1 a5 29. Rdb1 axb4 30. Bxb4 Bc5 31. a3 Kf7 32. Ke2 Be7 33. Kd2 Bd8 34. Kc2 g6 35. Kd2 Rb6 36. Nc2 Bc7 37. Ke2 Ke8 38. Nd4 Kd8 39. Kd2 Ke8 1/2-1/2

[Event "GER-ch43 V01 email"]
[Site "GER email"]
[Date "2011.??.??"]
[Round "?"]
[White "Leupold, Volker"]
[Black "Kluehe, Peter"]
[Result "1/2-1/2"]
[WhiteElo "2062"]
[BlackElo "2138"]
[PlyCount "50"]
[EventDate "2011.04.18"]
[EventType "tourn (corr)"]
[EventRounds "8"]
[EventCountry "GER"]
[SourceTitle "Corr 2015"]
[Source "ChessBase"]
[SourceDate "2015.07.17"]
[SourceVersion "1"]
[SourceVersionDate "2015.07.17"]
[SourceQuality "1"]

1. e4 d6 2. d4 Nf6 3. Nc3 e5 4. Nf3 Nbd7 5. g4 Nxg4 6. Rg1 Ngf6 7. Bc4 exd4 8. Qxd4 c6 9. Bf4 Qb6 10. Qd2 Qb4 11. Bb3 Nc5 12. 0-0-0 Nxb3+ 13. axb3 Be6 14. Bxd6 Bxd6 15. Qxd6 Qxd6 16. Rxd6 Ke7 17. Rd2 g6 18. Ne1 a5 19. Nd3 Rhd8 20. f3 Nd7 21. h4 b5 22. h5 a4 23. bxa4 bxa4 24. Nb1 gxh5 25. Rh1 Ra5 1/2-1/2

[Event "GER M-454 D email"]
[Site "GER email"]
[Date "2010.10.13"]
[Round "?"]
[White "Rondio, Thomas"]
[Black "Kluehe, Peter"]
[Result "1/2-1/2"]
[WhiteElo "1970"]
[BlackElo "1869"]
[PlyCount "88"]
[EventDate "2010.10.09"]
[EventType "tourn (corr)"]
[EventRounds "1"]
[EventCountry "GER"]
[SourceTitle "Corr 2015"]
[Source "ChessBase"]
[SourceDate "2015.07.17"]
[SourceVersion "1"]
[SourceVersionDate "2015.07.17"]
[SourceQuality "1"]

1. e4 d6 2. d4 Nf6 3. Nc3 e5 4. dxe5 dxe5 5. Qxd8+ Kxd8 6. Nf3 Bd6 7. Bc4 Be6 8. Bxe6 fxe6 9. Be3 Nc6 10. 0-0-0 Ke7 11. a3 a6 12. h3 b5 13. Rd3 Rhb8 14. Rhd1 b4 15. axb4 Nxb4 16. R3d2 a5 17. Ne1 a4 18. Kb1 Ra6 19. f3 Nc6 20. Nd3 Na5 21. Nxa4 Nc4 22. Nac5 Ra5 23. Nb3 Nxd2+ 24. Bxd2 Raa8 25. Bc3 Rb5 26. Nd2 Nh5 27. Nc4 Nf4 28. Bxe5 Nxd3 29. Bxd6+ cxd6 30. Rxd3 d5 31. Ne5 dxe4 32. Nc6+ Ke8 33. fxe4 Rb6 34. Ne5 Rd8 35. Rxd8+ Kxd8 36. c3 Kc7 37. b4 Rb8 38. Nf3 Kd6 39. Kc2 e5 40. Kb3 Rf8 41. c4 Rf4 42. c5+ Kc7 43. Ng5 Kd7 44. Nxh7 Rxe4 1/2-1/2

[Event "GER M-456 D email"]
[Site "GER email"]
[Date "2010.??.??"]
[Round "?"]
[White "Kluehe, Peter"]
[Black "Fiensch, Guenter"]
[Result "1-0"]
[WhiteElo "1894"]
[BlackElo "2110"]
[PlyCount "65"]
[EventDate "2010.??.??"]
[EventType "tourn (corr)"]
[EventRounds "1"]
[EventCountry "GER"]
[SourceTitle "Corr 2015"]
[Source "ChessBase"]
[SourceDate "2015.07.17"]
[SourceVersion "1"]
[SourceVersionDate "2015.07.17"]
[SourceQuality "1"]

1. d4 Nf6 2. f4 g6 3. Nf3 Bg7 4. e3 0-0 5. Bd3 d6 6. 0-0 Nbd7 7. c3 e5 8. e4 Re8 9. fxe5 dxe5 10. Qc2 Qe7 11. Na3 a6 12. Nc4 exd4 13. e5 Nd5 14. Bg5 Qe6 15. Nxd4 Qg4 16. Qf2 Rf8 17. Qd2 Nxe5 18. Nxe5 Bxe5 19. Bc4 c6 20. Rae1 Bg7 21. Bxd5 cxd5 22. Be7 Re8 23. Qf2 Bxd4 24. cxd4 Be6 25. h3 Qf5 26. Qh4 Qd3 27. Bf6 h5 28. Qg5 Kh7 29. Be5 Rac8 30. Rf6 Rcd8 31. Re3 Qb1+ 32. Rf1 Qxa2 33. Bf4 1-0

[Event "GER M-457 D email"]
[Site "GER email"]
[Date "2010.??.??"]
[Round "?"]
[White "Kluehe, Peter"]
[Black "Rondio, Thomas"]
[Result "1-0"]
[WhiteElo "1894"]
[BlackElo "1970"]
[PlyCount "95"]
[EventDate "2010.??.??"]
[EventType "tourn (corr)"]
[EventRounds "1"]
[EventCountry "GER"]
[SourceTitle "Corr 2015"]
[Source "ChessBase"]
[SourceDate "2015.07.17"]
[SourceVersion "1"]
[SourceVersionDate "2015.07.17"]
[SourceQuality "1"]

1. d4 d5 2. f4 Nf6 3. Nf3 Bf5 4. e3 e6 5. Be2 Bd6 6. 0-0 0-0 7. Ne5 h6 8. g4 Bh7 9. Nd2 c5 10. c3 Qc7 11. h4 Nc6 12. Bf3 Nd7 13. g5 hxg5 14. hxg5 cxd4 15. exd4 Ne7 16. Rf2 f6 17. Bg4 fxe5 18. Bxe6+ Kh8 19. Rh2 g6 20. Qg4 Nf5 21. Qh3 Nc5 22. dxc5 Bxc5+ 23. Kh1 exf4 24. Nf3 Ng3+ 25. Kg2 Nh5 26. b4 Be3 27. Bb2 Rad8 28. Bxd5 Qg7 29. Rd1 Bg8 30. Bxg8 Rxd1 31. Bb3 Rfd8 32. Bxd1 Rxd1 33. Qe6 Rb1 34. Kh3 Kh7 35. Kg4 b6 36. Qe8 Rd1 37. c4 Qd7+ 38. Qxd7+ Rxd7 39. Rc2 Rc7 40. Rc3 Kg8 41. Rd3 Rxc4 42. Rd6 Rc2 43. Rxg6+ Kf7 44. Kxh5 Rxb2 45. Rc6 Rxa2 46. g6+ Kf8 47. Rc8+ Ke7 48. g7 1-0

[Event "GER-ch41 V02 Post"]
[Site "GER email"]
[Date "2010.??.??"]
[Round "?"]
[White "Kluehe, Peter"]
[Black "Wilshusen, Horst"]
[Result "1-0"]
[WhiteElo "2160"]
[BlackElo "1713"]
[PlyCount "43"]
[EventDate "2010.??.??"]
[EventType "tourn (corr)"]
[EventRounds "12"]
[EventCountry "GER"]
[SourceTitle "Corr 2015"]
[Source "ChessBase"]
[SourceDate "2015.07.17"]
[SourceVersion "1"]
[SourceVersionDate "2015.07.17"]
[SourceQuality "1"]

1. d4 Nf6 2. f4 b6 3. Nf3 Bb7 4. e3 e6 5. Bd3 Na6 6. c3 c5 7. 0-0 Ne4 8. Nbd2 Nxd2 9. Bxd2 Be7 10. f5 Nc7 11. fxe6 Nxe6 12. c4 Qc7 13. d5 Ng5 14. Nxg5 Bxg5 15. Qh5 Bf6 16. Rxf6 gxf6 17. Bc3 0-0-0 18. Bxf6 Qd6 19. Rf1 Rhg8 20. Bxh7 Ba6 21. Bxg8 Rxg8 22. b3 1-0

[Event "GER M-454 D email"]
[Site "GER email"]
[Date "2010.??.??"]
[Round "?"]
[White "Koenig, Paul"]
[Black "Kluehe, Peter"]
[Result "1/2-1/2"]
[WhiteElo "1780"]
[BlackElo "1869"]
[PlyCount "51"]
[EventDate "2010.10.09"]
[EventType "tourn (corr)"]
[EventRounds "1"]
[EventCountry "GER"]
[SourceTitle "Corr 2015"]
[Source "ChessBase"]
[SourceDate "2015.07.17"]
[SourceVersion "1"]
[SourceVersionDate "2015.07.17"]
[SourceQuality "1"]

1. c4 e6 2. Nf3 d5 3. d4 c6 4. Nc3 Nd7 5. e4 dxe4 6. Nxe4 Ngf6 7. Bd3 Nxe4 8. Bxe4 Nf6 9. Bc2 Bb4+ 10. Bd2 Qa5 11. 0-0 Bxd2 12. Nxd2 0-0 13. Qe2 Rd8 14. h3 h6 15. Nf3 c5 16. dxc5 Qxc5 17. Ne5 b6 18. b4 Qc7 19. a3 Bb7 20. Rad1 Kf8 21. Rfe1 Rxd1 22. Rxd1 Be4 23. Nd7+ Nxd7 24. Qxe4 Rc8 25. Ba4 Nf6 26. Qc2 1/2-1/2

[Event "GER M-454 D email"]
[Site "GER email"]
[Date "2010.??.??"]
[Round "?"]
[White "Lindenblatt, Ingo"]
[Black "Kluehe, Peter"]
[Result "1/2-1/2"]
[WhiteElo "2102"]
[BlackElo "1894"]
[PlyCount "34"]
[EventDate "2010.10.09"]
[EventType "tourn (corr)"]
[EventRounds "1"]
[EventCountry "GER"]
[SourceTitle "Corr 2015"]
[Source "ChessBase"]
[SourceDate "2015.07.17"]
[SourceVersion "1"]
[SourceVersionDate "2015.07.17"]
[SourceQuality "1"]

1. e4 d6 2. d4 Nf6 3. Nc3 e5 4. dxe5 dxe5 5. Qxd8+ Kxd8 6. Bc4 Be6 7. Bxe6 fxe6 8. f3 Bd6 9. Be3 Nc6 10. Nh3 Ke7 11. Nf2 a6 12. 0-0-0 b5 13. Nd3 Rhb8 14. h4 Nd7 15. Kb1 Nb6 16. b3 Nc4 17. Bg5+ Ke8 1/2-1/2

[Event "GER M-457 D email"]
[Site "GER email"]
[Date "2010.??.??"]
[Round "?"]
[White "Rondio, Thomas"]
[Black "Kluehe, Peter"]
[Result "1/2-1/2"]
[WhiteElo "1970"]
[BlackElo "1894"]
[PlyCount "102"]
[EventDate "2010.??.??"]
[EventType "tourn (corr)"]
[EventRounds "1"]
[EventCountry "GER"]
[SourceTitle "Corr 2015"]
[Source "ChessBase"]
[SourceDate "2015.07.17"]
[SourceVersion "1"]
[SourceVersionDate "2015.07.17"]
[SourceQuality "1"]

1. e4 d6 2. d4 Nf6 3. Nc3 e5 4. dxe5 dxe5 5. Qxd8+ Kxd8 6. Bc4 Be6 7. Bxe6 fxe6 8. f3 Bd6 9. Be3 Nc6 10. 0-0-0 Ke7 11. Nge2 a6 12. Rd2 b5 13. Rhd1 Rhb8 14. Kb1 Nd7 15. Nc1 Nb6 16. b3 Nd4 17. Nd3 Nc4 18. Bg5+ Ke8 19. Rf2 a5 20. bxc4 bxc4+ 21. Nb2 Ba3 22. Bc1 Rxb2+ 23. Bxb2 Rb8 24. Na4 Bxb2 25. Nxb2 c3 26. Rd3 Rxb2+ 27. Kc1 Nb5 28. Rfd2 Rxa2 29. Rd8+ Kf7 30. R2d7+ Kg6 31. Kb1 Rb2+ 32. Kc1 Na3 33. Kd1 Nxc2 34. Rd3 Nd4 35. Rxc3 Rxg2 36. Rxc7 a4 37. Rdd7 Kh6 38. Ra7 Nxf3 39. Rxa4 Rxh2 40. Raa7 Rh4 41. Rxg7 Ng5 42. Rg8 Rxe4 43. Ra5 Nf3 44. Kc2 Re3 45. Ra6 Nd4+ 46. Kd2 Rh3 47. Ra7 e4 48. Rgg7 Rb3 49. Rxh7+ Kg5 50. Rhg7+ Kf4 51. Rgf7+ Kg3 1/2-1/2

[Event "GER-ch41 V02 Post"]
[Site "GER email"]
[Date "2010.??.??"]
[Round "?"]
[White "Uecker, Dieter"]
[Black "Kluehe, Peter"]
[Result "1-0"]
[WhiteElo "2064"]
[BlackElo "2160"]
[PlyCount "69"]
[EventDate "2010.??.??"]
[EventType "tourn (corr)"]
[EventRounds "12"]
[EventCountry "GER"]
[SourceTitle "Corr 2015"]
[Source "ChessBase"]
[SourceDate "2015.07.17"]
[SourceVersion "1"]
[SourceVersionDate "2015.07.17"]
[SourceQuality "1"]

1. d4 d5 2. c4 e6 3. Nc3 c6 4. Nf3 Nf6 5. e3 Ne4 6. Bd3 f5 7. Ne5 Qh4 8. 0-0 Nd7 9. f4 Be7 10. Bd2 Nxe5 11. fxe5 Bg5 12. Ne2 0-0 13. Nf4 Bd7 14. Rc1 Bh6 15. Bb4 Rfc8 16. Rf3 a5 17. Be1 Qe7 18. c5 Rcb8 19. Rh3 b6 20. cxb6 Rxb6 21. Rc2 a4 22. Bxe4 dxe4 23. Rxh6 gxh6 24. d5 Rab8 25. d6 Qf7 26. Qe2 c5 27. Nh5 Kh8 28. Nf6 R6b7 29. Qd2 c4 30. Rxc4 Rxb2 31. Qc3 R2b7 32. h4 Rf8 33. h5 Bb5 34. Rc8 Kg7 35. Bh4 1-0

[Event "GER M-431 D email"]
[Site "GER email"]
[Date "2008.01.08"]
[Round "?"]
[White "Fiensch, Guenter"]
[Black "Kluehe, Peter"]
[Result "1/2-1/2"]
[WhiteElo "2110"]
[BlackElo "1671"]
[PlyCount "67"]
[EventDate "2008.02.29"]
[EventType "tourn (corr)"]
[EventRounds "6"]
[EventCountry "GER"]
[SourceTitle "Corr 2011"]
[Source "ChessBase"]
[SourceDate "2010.08.31"]
[SourceVersion "1"]
[SourceVersionDate "2010.08.31"]
[SourceQuality "1"]

1. e4 d6 2. d4 Nf6 3. Nc3 e5 4. Nf3 Nbd7 5. Bc4 Be7 6. 0-0 0-0 7. Re1 c6 8. a4 b6 9. d5 cxd5 10. Nxd5 Bb7 11. b3 Rc8 12. Re2 Nc5 13. Nxf6+ Bxf6 14. Bd5 Qd7 15. Ba3 Bxd5 16. Qxd5 Rfd8 17. Rd1 Ne6 18. Red2 Nd4 19. Nxd4 exd4 20. f4 Rc3 21. Bb4 Rc6 22. Re1 a6 23. h3 Qc7 24. Ree2 h6 25. a5 b5 26. Qh5 Re8 27. Qf3 g6 28. g4 Qc8 29. Kh1 Kh7 30. Rf2 Qe6 31. Rde2 Kg7 32. Qg3 Kg8 33. Qd3 Rec8 34. Kh2 1/2-1/2